| 000 | 00435nam a22001217a 4500 | ||
|---|---|---|---|
| 082 | _a200 THE | ||
| 100 |
_aASIF RASHID _970098 |
||
| 245 | _aTH-SOF-1248-ENTERPRISE SYSTEM (ES) CRITICAL SUCCESS FACTORS (CSF), ACROSS LIFECYCLE, IN AIRCRAFT INDUSTRY FOR PRODUCTION EXCELLENCE | ||
| 260 |
_aIslamabad _bNUST College of EME _c2016 |
||
| 650 |
_aPHD ENGINEERING MANAGEMENT PHD _970099 |
||
| 700 | _aSupervisor DR NAWAR KHAN | ||
| 942 | _cCF | ||
| 999 |
_c577141 _d577141 |
||